000 00619nam a2200277Ia 4500
005 20260324133533.0
008 008 260324s9999 xx 000 0 eng d
020 _a9781315013008
037 _aEBOOK
040 _aCRL
040 _beng
040 _cCRL
041 _2eng
041 _aeng
084 _qCRL
100 _aJocelyn Hunt
_91193471
245 0 _aBritain, 1846-1919
260 _bTaylor and Francis
260 _c2003
365 _a
365 _b180
856 _uhttp://www.taylorfrancis.com/books/9781315013008
942 _cEBOOK
999 _c1792593
_d1792593